ការដាំសណ្ដែកគួរ / (Record no. 1553)
[ view plain ]
| 000 -LEADER | |
|---|---|
| fixed length control field | 01500nam a22003137a 4500 |
| 001 - CONTROL NUMBER | |
| control field | 1553 |
| 003 - CONTROL NUMBER IDENTIFIER | |
| control field | FISKH |
| 005 - DATE AND TIME OF LATEST TRANSACTION | |
| control field | 20231002115333.0 |
| 008 - FIXED-LENGTH DATA ELEMENTS--GENERAL INFORMATION | |
| fixed length control field | 230906b cb ||||| |||| 00| 0 khr d |
| 020 ## - INTERNATIONAL STANDARD BOOK NUMBER | |
| International Standard Book Number | 9789924340027 |
| 040 ## - CATALOGING SOURCE | |
| Original cataloging agency | FISKH |
| Language of cataloging | eng |
| Transcribing agency | FISKH |
| Modifying agency | FISKH |
| 082 ## - DEWEY DECIMAL CLASSIFICATION NUMBER | |
| Classification number | 641.3 |
| 100 ## - MAIN ENTRY--PERSONAL NAME | |
| Personal name | Anonymous |
| 245 ## - TITLE STATEMENT | |
| Title | ការដាំសណ្ដែកគួរ / |
| 250 ## - EDITION STATEMENT | |
| Edition statement | បោះពុម្ពលើកទី២ សីហា ២០២១ |
| 260 ## - PUBLICATION, DISTRIBUTION, ETC. | |
| Place of publication, distribution, etc. | Phnom Penh : |
| Name of publisher, distributor, etc. | Sipar, |
| Date of publication, distribution, etc. | 2021. |
| 300 ## - PHYSICAL DESCRIPTION | |
| Extent | 48 pages : |
| Other physical details | color illustrations ; |
| Dimensions | 29 cm |
| 490 ## - SERIES STATEMENT | |
| Series statement | បំនិនជីវិត |
| 505 ## - FORMATTED CONTENTS NOTE | |
| Formatted contents note | Z'<br/> |
| 520 ## - SUMMARY, ETC. | |
| Summary, etc. | បង្ហាញពីរបៀបរៀបចំរង ការបណ្ដុះកូនរហូតដល់ការប្រមូលផល និងវិធីធ្វើម្ហូបអាហារសាមញ្ញៗពីផ្លែសណ្ដែកគួរសម្រាប់បរិភោគក្នុងគ្រួសារ។ |
| 520 ## - SUMMARY, ETC. | |
| Summary, etc. | Demonstrate how to prepare the house until harvest and how to make simple food from beans for family eating. |
| 521 8# - TARGET AUDIENCE NOTE | |
| Target audience note | 1120 <br/><br/> |
| Source | Lexile estimate <br/> |
| 521 8# - TARGET AUDIENCE NOTE | |
| Target audience note | Z'<br/> |
| Source | Raz-Plus <br/> |
| 650 ## - SUBJECT ADDED ENTRY--TOPICAL TERM | |
| Topical term or geographic name entry element | Beans |
| Form subdivision | Prepare a house |
| General subdivision | Harvest |
| Chronological subdivision | Food |
| 650 ## - SUBJECT ADDED ENTRY--TOPICAL TERM | |
| Topical term or geographic name entry element | សណ្ដែក |
| Form subdivision | រៀបចំរោង |
| General subdivision | ប្រមួលផល |
| Chronological subdivision | ម្ហូបម្ហា |
| 700 ## - ADDED ENTRY--PERSONAL NAME | |
| Personal name | Amatak, Chhaiya |
| Relator term | illustrator |
| 700 ## - ADDED ENTRY--PERSONAL NAME | |
| Personal name | Sophaleap, Nhoek |
| Relator term | illustrator |
| 942 ## - ADDED ENTRY ELEMENTS (KOHA) | |
| Source of classification or shelving scheme | Dewey Decimal Classification |
| Koha item type | Books |
| Suppress in OPAC | No |
| Withdrawn status | Lost status | Source of classification or shelving scheme | Damaged status | Not for loan | Collection | Home library | Current library | Shelving location | Date acquired | Total Checkouts | Full call number | Barcode | Date last seen | Copy number | Price effective from | Koha item type |
|---|---|---|---|---|---|---|---|---|---|---|---|---|---|---|---|---|
| Dewey Decimal Classification | Khmer Non-Fiction / សៀវភៅខ្មែរ រឿងពិត | Footprints International School Library Network Toul Kork Campus | Footprints International School Library Network Toul Kork Campus | 09/06/2023 | ANO 641.3 | 2023-0506 | 09/06/2023 | 1 | 09/06/2023 | Books | ||||||
| Dewey Decimal Classification | Khmer Non-Fiction / សៀវភៅខ្មែរ រឿងពិត | Footprints International School Library Network Toul Kork Campus | Footprints International School Library Network Toul Kork Campus | 09/06/2023 | ANO 641.3 | 2023-0507 | 09/06/2023 | 2 | 09/06/2023 | Books |
